Представление документа в формате MARC21

Поле Инд. ПП Название Значение
Тип записи a
Библиографический уровень m
001 Контрольный номер 3b69f670-5863-4829-b23a-77e40ba91196
005 Дата корректировки 20220128110425.6
008 Кодируемые данные 061226
020 a ISBN 5-89349-262-5 (Флинта)
a ISBN 5-02-002787-1 (Наука)
040 a Служба первич. каталог. НБ ТвГУ
041 0_ a Код языка текста rus
080 a Индекс УДК 808.5(075.8)
084 a Индекс другой классификации/Индекс ББК Ш70я73-1
090 x Авторский знак Р 62
a Полочн. индекс Ш70
100 1_ a Автор Рождественский Юрий Владимирович
d Дата 1926-1999
e Роль лиц Автор
245 10 a Заглавие Теория риторики
b Продолж. заглавия учебное пособие для студентов филологических специальностей университетов
c Ответственность Ю. В. Рождественский
250 a Основные сведения об издании 4-е изд., испр.
260 0_ a Место издания Москва
b Издательство Флинта
b Издательство Наука
c Дата издания 2006
300 a Объем 510 с.
b Иллюстрации/ тип воспроизводства ил., табл.
504 a Библиография Библиогр.: с. 442-44 и в подстроч. примеч.
653 0_ a Ключевые слова Риторика
a Ключевые слова Ораторское искусство
a Ключевые слова Красноречие
a Ключевые слова Теория риторики
a Ключевые слова Теория монологи
a Ключевые слова Теория диалога
a Ключевые слова Речевая структура общества
a Ключевые слова Теория речевых коммуникаций
a Ключевые слова Учебники для вузов
852 41 i Расстановочный признак Проверка 2021
901 t Тип документа m
920 a Оператор Поля
a Оператор Лиси
930 a Новая/Ретро учебники
952 c Вид литературы К ру
954 a Дата поступления на обработку 20070112
e Дата перешифровки 20210913
954 a Дата поступления на обработку 20220128